000 00836nam a2200229 i 4500
001 18712
003 ES-MaACL
005 20240312215324.0
007 t|
008 020305s2000 sp ||||1| spa d
020 _a84-88065-11-6
080 _a625.711.1(37:460)
100 1 _aSaavedra, Eduardo,
_d1829-1912
_9101132
245 1 0 _aDescripción de la Vía Romana entre Uxama y Augustóbriga /
_cEduardo Saavedra ; [estudio introductorio por Enrique Baquedano y Carlos Caballero].
260 _aSevilla la Nueva (Madrid) [etc.] :
_bEgeria [etc.],
_c2000.
300 _a46, 116 p., 5 lám. en neg y col., pleg. ;
_c26 cm.
650 1 4 _aVías romanas-
_zEspaña.
_917785
700 1 _aBaquedano, Enrique.
_925254
700 1 _aCaballero, Carlos.
_933074
852 _aES-MaACL
_jL-25287
_bR.130224
999 _c18712
_d18712